| 000 | 00618nam a22001817a 4500 | ||
|---|---|---|---|
| 003 | OSt | ||
| 005 | 20251020085351.0 | ||
| 008 | 251020b |||||||| |||| 00| 0 eng d | ||
| 020 | _a978-621-95077-0-7 | ||
| 040 |
_aDWC-Main lib. _cOC |
||
| 082 | _aFil. 371.404 E78 2014 | ||
| 245 |
_aEssentials on counseling and education _b: a festschrift for Prof. Rose Marie Salazar-ClemeƱa |
||
| 260 |
_aManila _b : Asian Psychological Services and Assessment _c, c2014. |
||
| 300 |
_a220 pages _c ; 24 cm. |
||
| 650 | _a1. Counseling--Science and art. | ||
| 650 | _a2. Counseling and education. | ||
| 942 |
_2ddc _cBK - FIL _kFil. _n0 |
||
| 999 |
_c4938 _d4938 |
||